000
00512nam a2200157Ia 4500
008
090124s9999 xx 000 0 und d
082
_b
34700
245
_a
महाराष्ट्रातील महिलाराज
250
_a
1
260
_c
2008
300
_a
216
630
_a
महाराष्ट्रातील महिलाराज
700
_a
गाडे सोपान
730
_a
महाराष्ट्रातील महिलाराज
942
_c
BOOK
999
_c
201212
_d
201212